000 00580nam a22001817a 4500
003 OSt
005 20160620112305.0
008 160114b xxu||||| |||| 00| 0 eng d
020 _a9780618406456
040 _cLIC
082 _2[2007]
_aDK12 507
_bUn58
245 _aMcDougall littell science:
_bmatter and energy: unit assessment book.
260 _aEvanston, Illinois:
_bMcDougal Littell,
_c[c2007]
300 _avi, 109 pages:
_billustrations;
_c28 cm.
440 _91719
_aMcDougal Littell Science
650 0 _91720
_aScience
_xStudy and teaching (Middle school)
942 _2ddc
_cBK
999 _c647
_d647